000 00665nam a2200229 a 4500
001 3911375
005 20180206065046.0
008 910326s1990 maua b 000 0 eng
010 _a 91133730
020 _a0874251168
040 _aDLC
_cDLC
041 _aeng
080 _a658.4 ira
082 0 0 _a658.4 ira
_220
100 _a54
101 _aman
245 0 4 _aThe Negotiation sourcebook /
_cedited by Ira Asherman, Sandy Asherman.
504 _aIncludes bibliographical references.
906 _a7
_bcbc
_corignew
_d2
_encip
_f19
_gy-gencatlg
942 _2ddc
_cBK
999 _c41917
_d41917